000 00451nam a2200157 i 4500
001 50670
003 ES-MaACL
005 20230906162222.0
007 t|
008 030806s1962 sp ||||1| spa d
100 1 _aCubria, Francisco.
_941950
245 1 3 _aLa verdad prohibida
_b: novela /
_cFrancisco Cubria.
260 _aSantander :
_b[s.n.],
_c1962 (
_fGráf. Hermanos Bedia)
300 _a293 p. ;
_c25 cm.
852 _aES-MaACL
_jC-21392
_bR.49812
999 _c50670
_d50670